| 000 | 00496nam a22001817a 4500 | ||
|---|---|---|---|
| 003 | BD-DhUIB | ||
| 005 | 20260517193109.0 | ||
| 008 | 260517b |||||||| |||| 00| 0 eng d | ||
| 020 | _a9781137576729 | ||
| 040 |
_aBD-DhUIB _cBD-DhUIB |
||
| 082 | _222 | ||
| 100 |
_aFrancks, Penelope. _91117 |
||
| 245 |
_aJapan and the great divergence : _ba short guide/ _cby Penelope Francks. |
||
| 260 |
_aUnited Kingdom. _cc2016 |
||
| 300 |
_aviii, 123p. : _billus. ; _c17cm. |
||
| 526 | _aMBA | ||
| 942 |
_2ddc _cBK |
||
| 999 |
_c703 _d703 |
||